Kdo zachránil jeden život, zachránil celý svět /

Hlavní autor: Borská, Ilona, 1928-2007
Jazyk: Čeština
Vydáno: Praha : Motto, 2012
Vydání: Vyd. 3., V nakl. Motto 2.
Témata:
Fyzický popis: 197 s. : il., portréty, faksim. ; 21 cm
Knihy
Uloženo v:
LEADER 01853cam a2200529 a 4500
001 nkc20122345679
003 CZ PrNK
005 20140611070813.0
007 ta
008 120213s2012 xr ach e 000 fbcze d
015 |a cnb002345679 
020 |a 978-80-7246-631-3  |q (váz.) 
035 |a (OCoLC)847727079 
040 |a CBA001  |b cze  |d ABA001 
043 |a e-xr--- 
045 |a w6x3 
072 7 |a 821.162.3-3  |x Česká próza  |2 Konspekt  |9 25 
072 7 |a 929  |x Biografie  |2 Konspekt  |9 8 
080 |a 821.162.3-31  |2 MRF 
080 |a 929  |2 MRF 
080 |a 616-051  |2 MRF 
080 |a 614.2:725.512  |2 MRF 
080 |a (437.3)  |2 MRF 
080 |a (0:82-312.6)  |2 MRF 
100 1 |a Borská, Ilona,  |d 1928-2007  |7 jk01012697  |4 aut 
245 1 0 |a Kdo zachránil jeden život, zachránil celý svět /  |c Ilona Borská 
250 |a Vyd. 3., V nakl. Motto 2. 
260 |a Praha :  |b Motto,  |c 2012 
300 |a 197 s. :  |b il., portréty, faksim. ;  |c 21 cm 
500 |a Obálkový podnázev: životopisný román 
600 1 7 |a Hamza, František,  |d 1868-1930  |7 jk01033331  |2 czenas 
648 7 |a 19.-20. století  |7 ch757015  |2 czenas 
648 4 |a 1868-1930 
650 0 7 |a lékaři  |7 ph122495  |z Česko  |y 19.-20. stol.  |2 czenas 
650 0 7 |a léčebny  |7 ph122526  |z Česko  |y 19.-20. stol.  |2 czenas 
650 0 9 |a physicians  |z Czechia  |y 19th-20th centuries  |2 eczenas 
650 0 9 |a health care facilities  |z Czechia  |y 19th-20th centuries  |2 eczenas 
655 7 |a české romány  |7 fd133974  |2 czenas 
655 7 |a biografické romány  |7 fd131905  |2 czenas 
655 9 |a Czech fiction  |2 eczenas 
655 9 |a biographical novels  |2 eczenas 
910 2 |a BOA001  |b 2-1328.407 
928 9 |a Albatros Media - Motto 
990 |a BK 
995 |a 01 
991 |b 201406  |c NOV  |e b 
996 6 |b 2610593646  |c 2-1328.407  |l MZK  |r Sklad / do 1 hodiny  |n 0  |p p.v.  |w 001427987  |u 000010  |a 1  |e BOA001  |j MZK50  |s P